00455nam a22001577a 4500003000400000005001700004008004100021020001500062040002900077050002200106100001900128245003500147260003000182300001100212650007400223OSt20250826120841.0250826b |||||||| |||| 00| 0 eng d a0385507976 cChuka university library aPR 1905 .A25 2005 aAckroyd, Peter aChaucer: Ackroyds brief lives. aNew YorkbDoubledayc2005 a188 p. a1. Chaucer, Geoffrey. 2. Poets, English-- Middle English,-- Biography